00721nam a22002417a 45000010005000000030006000050050017000110080041000280200018000690200015000870400029001020820008001311000025001392450040001642600038002043000053002424900035002955050009003305200061003395210025004005210021004257000033004469769FISKH20260213112924.0260213b cb ||||| |||| 00| 0 eng d a9780545256759 a0545256755 aFISKHbengcFISKHdFISKH a416 aCharlesworth , Liza  aWhat jumps? /cBy Liza Charlesworth aNew York : bScholastic ,c2010 . a8 pages : bcolor illustrations ;c14 X 14 cm .  aFirst Little Readers vLevel B aB  a"Just the right level for beginning readers"--Container.8 a100 BR bLexile 8 aB bRaz-Plus  aKennedy , AnneeIllustrator